Statistics for 1950s Oscar Best Actor Nominees

Click here to take the quiz!

General Stats

  • This quiz has been taken 239 times
  • The average score is 18 of 36

Answer Stats

MovieActor% Correct
A Streetcar Named Desire; Viva Zapata!; Julius Caesar;
On the Waterfront; Sayonara
Marlon Brando
95%
The African Queen; The Caine MutinyHumphrey Bogart
90%
High NoonGary Cooper
78%
The King and IYul Brynner
77%
East of Eden; GiantJames Dean
76%
The Lavender Hill Mob; The Bridge on the River KwaiAlec Guinness
73%
Richard IIILaurence Olivier
69%
HarveyJames Stewart
68%
From Here to EternityBurt Lancaster
67%
Cat on a Hot Tin RoofPaul Newman
65%
Father of the Bride; Bad Day at Black Rock;
The Old Man and the Sea
Spencer Tracy
62%
The Man with the Golden ArmFrank Sinatra
60%
MartyErnest Borgnine
58%
The RobeRichard Burton
58%
Sunset Boulevard; Stalag 17William Holden
58%
Sands of Iwo JimaJohn Wayne
56%
The Defiant OnesSidney Poitier
53%
Separate TablesDavid Niven
52%
Twelve O'Clock HighGregory Peck
52%
Champion; The Bad and the Beautiful; Lust for LifeKirk Douglas
52%
A Place in the Sun; From Here to EternityMontgomery Clift
51%
GiantRock Hudson
49%
The Defiant OnesTony Curtis
45%
A Star Is BornJames Mason
42%
Cyrano de Bergerac; Moulin RougeJosé Ferrer
42%
The Country GirlBing Crosby
41%
Witness for the ProsecutionCharles Laughton
40%
Love Me or Leave MeJames Cagney
36%
All the King's MenBroderick Crawford
35%
Death of a SalesmanFredric March
34%
Wild Is the WindAnthony Quinn
30%
A Hatful of RainAnthony Franciosa
16%
Bright VictoryArthur Kennedy
15%
The Hasty HeartRichard Todd
15%
Robinson CrusoeDan O'Herlihy
13%
The Magnificent YankeeLouis Calhern
6%

Score Distribution

Percentile by Number Answered

Percent of People with Each Score

Your Score History

You have not taken this quiz